| 000 | 00682nam a2200241Ia 4500 | ||
|---|---|---|---|
| 008 | 180523s9999 xx 000 0 und d | ||
| 020 | _a978-1-59233-769-9 | ||
| 050 | _aCUL TX 840 | ||
| 050 | _b.B5P39 2017 | ||
| 100 | _aPawassar, Irina. | ||
| 245 | 0 | _aSmoothie power : | |
| 245 | 0 | _b80 power packed smoothie recipes for every day and everyone / | |
| 245 | 0 | _cIrina Pawassar & Tanja Dusy. | |
| 260 | _aBeverly, Massachusetts : | ||
| 260 | _bFair Winds Press, | ||
| 260 | _c2017 | ||
| 300 | _a184 pages : | ||
| 300 | _bcolored illustrations ; | ||
| 300 | _c23 cm. | ||
| 500 | _aIncludes index | ||
| 650 | _aBlenders ( Cooking). | ||
| 650 | _xSmoothies (Beverages). | ||
| 999 |
_c357840 _d357840 |
||